Биохимия. Химические реакции в живой клетке: в 3 т.; пер. с англ.
| Autor principal: | |
|---|---|
| Outros Autores: | |
| Idioma: | russo |
| Publicado em: |
Москва, Мир, 1980
|
| Formato: | MixedMaterials Livro |
| KOHA link: | https://koha.lib.tpu.ru/cgi-bin/koha/opac-detail.pl?biblionumber=362478 |
MARC
| LEADER | 00000nam1a2200000 4500 | ||
|---|---|---|---|
| 001 | 362478 | ||
| 005 | 20231101043514.0 | ||
| 035 | |a (RuTPU)RU\TPU\retro\19824 | ||
| 090 | |a 362478 | ||
| 100 | |a 20210727d1980 km y0rusy50 ca | ||
| 101 | 1 | |a rus |c eng | |
| 102 | |a RU | ||
| 200 | 1 | |a Биохимия. Химические реакции в живой клетке |e в 3 т. |e пер. с англ. |f Д. Мецлер |g пер. А. Е. Браунштейна | |
| 210 | |a Москва |c Мир |d 1980 | ||
| 700 | 1 | |a Мецлер |b Д. | |
| 702 | 1 | |a Браунштейн |b А. Е. |4 730 | |
| 801 | 1 | |a RU |b 63413507 |c 20210727 | |
| 942 | |c BK | ||